Statistics for Paramore Charting Songs (Billboard Hot 100)

Click here to take the quiz!

General Stats

  • This quiz has been taken 117 times
  • The average score is 9 of 11

Answer Stats

AlbumWeeks OnPeakSong% Correct
Riot!30 Weeks#26Misery Business
93%
Paramore24 Weeks#10Ain't It Fun
92%
Paramore20 Weeks#24Still Into You
92%
After Laughter1 Week#90Hard Times
89%
Twilight14 Weeks#33Decode
88%
Brand New Eyes20 Weeks#24The Only Exception
87%
Riot!17 Weeks#54crushcrushcrush
78%
Riot!17 Weeks#66That's What You Get
76%
Transformers: Dark of the Moon2 Weeks#36Monster
72%
Brand New Eyes1 Week#67Ignorance
68%
Brand New Eyes1 Week#78Careful
57%

Score Distribution

Percentile by Number Answered

Percent of People with Each Score

Your Score History

You have not taken this quiz